| 000 | 00594nam a2200181Ia 4500 | ||
|---|---|---|---|
| 008 | 190427s9999 xx 000 0 und d | ||
| 100 | _aBalan, Shilpa | ||
| 245 | _aText Analysis of green supply chain practices in healthcare/ | ||
| 245 | _cShilpa Balan and Sumali Conlon.-- | ||
| 260 | _bTaylor and Francis Group | ||
| 260 | _c2018 | ||
| 300 | _apages 30-38, 2018 | ||
| 440 |
_aJournal of Computer Inforamation System _v58(1) |
||
| 650 | _aCollocation Analysis | ||
| 650 | _aGreen Supply Chain | ||
| 650 | _aHealthier Hospitals Initiative (HHI) | ||
| 650 | _aSequential Pattern Mining | ||
| 999 |
_c361709 _d361709 |
||